000 01142nam a2200229 4500
001 114230
003 DR-UNIBE
005 20251120100751.0
008 251120b2008 mx ||||| |||| 00| 0 spa d
020 _a9786074680140
040 _aBIBLIOTECA UNIBE
_bspa
_cBIBLIOTECA UNIBE
_erda
041 _aspa
082 _222
_a342.972 E534 2008
245 0 0 _aElementos de derecho procesal constitucional /
250 _aSegunda edición
260 _aMéxico :
_bSuprema Corte de Justicia de la Nación,
_c2006
300 _a153 páginas :
_c22 cm
505 0 _aPresentación | I. La defensa de la Constitución | II. Estado y jurisdicción | III. Sistemas de control constitucional | IV. Derecho procesal constitucional y derecho constitucional procesal | V. Los tribunales constitucionales | VI. La defensa de la Constitución en México | VII. Las garantías constitucionales en México | VIII. Derecho procesal constitucional local | Conclusiones | Bibliohemerografía | Normativa
650 7 _2lemb
_aDerecho constitucional
_zMéxico
_9200914
650 7 _2lemb
_aTribunales constitucionales
_zMéxico
_9200915
942 _2ddc
_cBK
999 _c114230
_d114230